000 00470 a2200133 4500
020 _a0849319137
920 _a0-8493-1913-7
100 1 _aGolden, Philip.
_eAutor
700 1 _aDedieu, Herve.
_eAutor
700 1 _aJacobsen, Krista S..
_eAutor
245 0 _aFundamentals of DSL Technology /
_cGolden Philip, Dedieu Herve, Jacobsen Krista S..
710 2 _aTaylor & Francis Group.
_eWydawca
_4pbl
260 _aBoca Raton, FL :
_bTaylor & Francis Group,
_c2006.
300 _a457 s.:
_bil.;
_c26 cm.
999 _c18091
_d18091